000 00614nam a2200205Ia 4500
008 191130s2007##################000#0#eng##
020 _a195691806
040 _aACL
_cACL
082 _a005.54 WHI
100 _aWhigham, David
245 _aBusiness data analysis using Excel
_cDavid Whigham
260 _aOxford
_bOxford University Press
_c2007
300 _axiv, 293 p. : ill. ; 25 cm.
500 _aIncludes index
650 _aBusiness mathematics - Computer programs
650 _aMicrosoft Excel (Computer file)
990 _a46da2d9fac10000c345314efbcfb6c2e
991 _a408286
999 _c249218
_d249218